| 000 | 00917nam a2200385Ia 4500 | ||
|---|---|---|---|
| 005 | 20251020182456.0 | ||
| 008 | 200515s9999 xx 000 0 und d | ||
| 020 | _a978-84-9948-677-2 | ||
| 082 | _a624.051/U46 | ||
| 100 | _aUrbán Brotóns, Pascual | ||
| 245 | 0 | _aConstrucción de estructuras de madera | |
| 260 | _aSan Vicente (Alicante) | ||
| 260 | _bEditorial Club Universitario | ||
| 260 | _cs.a. | ||
| 300 | _a433 p. | ||
| 300 | _bgraf., tbl. | ||
| 500 | _a2 ejemplares | ||
| 650 | _aACOPLAMIENTOS | ||
| 650 | _aCIMENTACIONES | ||
| 650 | _aCUBIERTAS | ||
| 650 | _aEMPALMES | ||
| 650 | _aENSAMBLES | ||
| 650 | _aENTRAMADOS | ||
| 650 | _aESCALERAS | ||
| 650 | _aESTRUCTURAS | ||
| 650 | _aESTRUCTURAS DE MADERA | ||
| 650 | _aFORJADOS | ||
| 650 | _aMUROS | ||
| 650 | _aPORTICOS | ||
| 650 | _aSOPORTES | ||
| 650 | _aVIGAS | ||
| 942 | _cLIB | ||
| 999 |
_c1030 _d1030 |
||